000
00267nam a22000977a 4500
008
170113b xxu||||| |||| 00| 0 eng d
041
_a
eng
080
_a
618.2
245
_a
NURSING PROCESS/ APPLICATION OF THEORIES, FRAMEWORK, AND MODELS
_c
GRIFFITH, J.W
942
_2
udc
_c
BK
999
_c
2850
_d
2850